000 00647nam a2200229Ia 4500
003 OSt
005 20220927104753.0
006 a|||||r|||| 00| 0
007 ta
008 220926b |||||||| |||| 00| 0 eng d
024 _a147884
037 _cReference Collections
040 _aRTL
_cRTL
_beng
041 _2eng
_aeng
082 _a"X93:8M.2,w,PU, K4/GD"
110 _a"INDIA, LOK SABHA ESTIMATES (Committee)"
_9367207
245 0 _a56 Report
260 _c1964
700 _a"INDIA, LOK SABHA ESTIMATES (Committee)"
_9367208
942 _h"X93:8M.2,w,PU, K4/GD"
_cCC
999 _c688602
_d688602